| 000 | 01883nam a2200517 i 4500 | ||
|---|---|---|---|
| 001 | 41833 | ||
| 003 | KOSZ 005 | ||
| 005 | 20191004142541.0 | ||
| 008 | 040512s2002 pl a |000 0 pol | ||
| 015 | _aPB 2004/9497 | ||
| 020 | _a8391654850 | ||
| 035 | _a991023219109705066 | ||
| 035 | _a(PL-WaBN)b16257637-48omnis_nlop | ||
| 035 | _ab16257637 | ||
| 035 | _a(OCoLC)749275602 | ||
| 035 | _a(PL)b0000001625763 | ||
| 035 | _a(EXLNZ-48OMNIS_NETWORK)9910512640305606 | ||
| 040 |
_aWA N _cWA N _dKOSZ 005/HR |
||
| 041 | 0 | _apol | |
| 046 | _k2002 | ||
| 080 | _a338.48(438) | ||
| 080 | _a339.7(4-67) | ||
| 080 | _a(083.1) | ||
| 100 | 1 |
_aButowski, Leszek _d(1965- ) _eAutor |
|
| 245 | 1 | 0 |
_aFinansowanie rozwoju turystyki ze środków Unii Europejskiej : _bporadnik dla samorządów terytorialnych i przedsiębiorców turystycznych oraz organizacji pozarządowych / _cLeszek Butowski, Magdalena Wątorska-Dec, Marek Żukowski. |
| 260 |
_aWarszawa : _bPolska Agencja Rozwoju Turystyki, _c2002. |
||
| 300 |
_a162, [1] s. : _bmapy, tab., wykr. ; _c24 cm. |
||
| 336 |
_2rdacontent _aTekst _btxt |
||
| 337 |
_2rdamedia _aBez urządzenia pośredniczącego _bn |
||
| 338 |
_2rdacarrier _aWolumin _bnc |
||
| 380 | _aKsiążki | ||
| 388 | _a2001- | ||
| 504 | _aBibliogr. s. 145-147, wykaz aktów prawnych s. 147-148. | ||
| 648 | _a2001- | ||
| 650 | 7 |
_aFundusze strukturalne UE _2DBN |
|
| 650 | 7 |
_aProgramy pomocowe UE _2DBN |
|
| 650 | 7 |
_aTurystyka _2DBN |
|
| 650 | 7 | _aFinanse | |
| 658 | _aGospodarka, ekonomia, finanse | ||
| 655 | 7 |
_aPoradnik _2DBN |
|
| 700 | 1 |
_aWątorska-Dec, Magdalena _d(1973- ) _eAutor |
|
| 700 | 1 |
_aŻukowski, Marek _d(1968- ) _eAutor |
|
| 856 |
_uhttp://koha.tu.koszalin.pl/cgi-bin/koha/opac-detail.pl?biblionumber=41833 _yKatalog online BPK |
||
| 942 |
_2UKD _cKS |
||
| 999 |
_c41833 _d41833 |
||